| 000 | 00826nam a2200265Ia 4500 | ||
|---|---|---|---|
| 003 | GCL | ||
| 005 | 20240530102412.0 | ||
| 008 | 140319s9999 xx 000 0 ara d | ||
| 040 |
_aGCL / _cGCL |
||
| 082 | 0 | 4 |
_a327.112 _bهـ ح |
| 100 | 1 | _aنبيل فاخورى | |
| 245 | 1 | 0 |
_aحرب الفضاء / _cنبيل فاخورى |
| 260 |
_a[S.N] : _bمنشورات بحر المتوسط ، _c1992 |
||
| 300 | _a127 ص | ||
| 650 | 0 | 4 | _aالفضاء |
| 650 | 0 | 4 | _aالولايات المتحدة الامريكية |
| 650 | 0 | 4 | _aالحرب |
| 650 | 0 | 4 | _aالفضاء الخارجى |
| 650 | 0 | 4 | _aالاسلحة والتسليح |
| 650 | 0 | 4 | _aغزو الفضاء |
| 650 | 0 | 4 | _aالفضاء والمساحة الجيوديسية |
| 700 | 1 | _aهوبس , دايفيد | |
| 700 | 1 | _aفواد حطيط | |
| 942 |
_2ddc _cBK |
||
| 999 |
_c31988 _d31988 |
||